| 000 | 004560000a22001810004500 | ||
|---|---|---|---|
| 003 | MACL | ||
| 005 | 20160108153442.0 | ||
| 008 | 160108b xxu||||| |||| 00| 0 eng d | ||
| 040 |
_aMACL _cMACL |
||
| 041 | _aEnglish | ||
| 082 | _a920/JAG | ||
| 100 |
_aSwami Jagadananda _929896 |
||
| 245 |
_aSri Ramakrishna _bThe Great Master |
||
| 260 |
_bSri Ramakrishna Math _c1956 _aMadras |
||
| 350 | _a35 | ||
| 650 |
_aBiography _929897 |
||
| 942 |
_cBK _k920/JAG _2ddc |
||
| 999 |
_c34955 _d34955 |
||